| 000 -ლიდერი |
| ფიქსირებული სიგრძის საკონტროლო ველი |
02676nam a2200289Ia 4500 |
| 001 - საკონტროლო ნომერი |
| საკონტროლო ველი |
17770 |
| 003 - საკონტროლო ნომრის იდენტიფიკატორი |
| საკონტროლო ველი |
GE_BSU |
| 005 - ბოლო ოპერაციის თარიღი და დრო |
| საკონტროლო ველი |
20200221172437.0 |
| 008 - ფიქსირებული სიგრძის მონაცემთა ელემენტები - ზოგადი ინფორმაცია |
| ფიქსირებული სიგრძის საკონტროლო ველი |
181216s2015ge xx |||||||||||||| ||geo|| |
| 020 ## - წიგნის საერთაშორისო სტანდარტული ნომერი |
| International Standard Book Number |
9789941462122 |
| 040 ## - კატალოგიზაციის წყარო |
| Transcribing agency |
GE_BSU |
| 041 ## - ენის კოდი |
| Language code of text/sound track or separate title |
geo |
| 080 ## - უნივერსალური ათობითი კლასიფიკაციის ინდექსი |
| Universal Decimal Classification number |
378.4(479.223)(09) ბ-17 |
| 245 ## - ცნობა სათაურის შესახებ |
| Title |
ბათუმის შოთა რუსთაველის სახელმწიფო უნივერსიტეტი : საგანმანათლებლო კერა 80 წლის ისტორიით :1935: Batumi Shota Rustaveli State University An Education Center with 80 Years of History / |
| Statement of responsibility, etc |
შემდგ . და მთავარი რედ. მარინე გიორგაძე ; სარედაქციო კოლეგიის თავმჯ:მერაბ ხალვაში ; სარედ.კოლეგ : თამარ სირაძე ; მერაბ მეგრელიშვილი ; ნანა ხახუტაიშვილი ; ინგა შამილიშვილი ; ფოტო და დიზაინი: გივი ნახუცრიშვილისა . |
| 264 ## - წარმოების, გამოცემის, დისტრიბუციის და სხვა ცნობები |
| გამოცემის, წარმოების, დისტრიბუციის... ადგილი |
ბათუმი : |
| გამოცემის, წარმოების, დისტრიბუციის... სახელწოდება |
შოთა რუსთაველის უნიტის გამ-ბა, |
| გამოცემის, წარმოების, დისტრიბუციის... თარიღი |
2015. |
| 300 ## - ფიზიკური აღწერა |
| Extent |
197გვ .: |
| Other physical details |
ილ; |
| Dimensions |
29 სმ. |
| 653 ## - INDEX TERM--UNCONTROLLED |
| Uncontrolled term |
ბათუმის უნ-ტი 80 წლის |
| 653 ## - INDEX TERM--UNCONTROLLED |
| Uncontrolled term |
ეძღვნება 1935 წლიდან დღემდე უნივერსიტეტის კედლებში მოღვაწე პროფესორ-მასწავლებლებს.ყველა უნივერსიტეტელს |
| 700 ## - ADDED ENTRY--PERSONAL NAME |
| Personal name |
გიორგაძე, მარინე |
| Relator term |
მთავარი რედაქტორი |
| 9 (RLIN) |
7350 |
| 700 ## - ADDED ENTRY--PERSONAL NAME |
| Personal name |
ხალვაში, მერაბ |
| Relator term |
სარედაქციო კოლეგიის თავმჯდომარე |
| 9 (RLIN) |
7351 |
| 700 ## - ADDED ENTRY--PERSONAL NAME |
| Personal name |
სირაძე, თამარ |
| Relator term |
სარედაქციო კოლეგეგია |
| 9 (RLIN) |
7352 |
| 700 ## - ADDED ENTRY--PERSONAL NAME |
| Personal name |
მეგრელიშვილი, მერაბ |
| Relator term |
სარედაქციო კოლეგეგია |
| 9 (RLIN) |
1818 |
| 700 ## - ADDED ENTRY--PERSONAL NAME |
| Personal name |
ხახუტაიშვილი, ნანა |
| Relator term |
სარედაქციო კოლეგეგია |
| 9 (RLIN) |
7353 |
| 700 ## - ADDED ENTRY--PERSONAL NAME |
| Personal name |
შამილიშვილი, ინგა |
| Relator term |
სარედაქციო კოლეგეგია |
| 9 (RLIN) |
7354 |
| 700 ## - ADDED ENTRY--PERSONAL NAME |
| Personal name |
ნახუცრიშვილი, გივი |
| Relator term |
ფოტო და დიზაინი |
| 9 (RLIN) |
6041 |
| 942 ## - ADDED ENTRY ELEMENTS (KOHA) |
| Koha item type |
წიგნი |
| Source of classification or shelving scheme |
|